000 00694nam a22002297a 4500
005 20170124110232.0
010 _aA-897987
020 _c625.00
_a8186880305
035 _aA-897987
037 _bCen Lib/Ret
040 _aDPL
_bEN
082 _a615.535
_bDUB
100 _aDubey, Sadhna
_941562
245 _aNaturopathy a cure to cancer /
_cby Sadhna Dubey
260 _aNew Delhi
_bAravali books international
_c1997
270 _bNew Delhi
_aW-30, Okhla Industraial area, Phase ll
_e110020
300 _a197p.:
_c26cm(Hb)
_bill.
500 _aIncludes index
650 _aCancer disease
_941563
650 _aNaturopathy
_941564
942 _2ddc
_cEN
_h615.535
_mDUB
999 _c134716
_d134716